000 00282nam a22001217a 4500
020 _a9780174482765
100 _aHILL GRAHAM,HOLMAN JOHN
245 _aCHEMISTRY IN CONTEXT
250 _a5TH ED
260 _aUK
_bTHOMAS NELSON & SONS LTD
_c2000
300 _a640
_bILL
942 _cBK
999 _c251254
_d251254